LEADER 01318nam 2200457 450 001 9910555200003321 005 20220805225117.0 010 $a1-119-19015-0 010 $a1-119-19008-8 010 $a1-119-19033-9 035 $a(CKB)4330000000009239 035 $a(MiAaPQ)EBC6478257 035 $a(EXLCZ)994330000000009239 100 $a20210328d2021 uy 0 101 0 $aeng 135 $aurcnu|||||||| 181 $ctxt$2rdacontent 182 $cc$2rdamedia 183 $acr$2rdacarrier 200 00$aComplications in equine surgery /$fedited by Luis M. Rubio Martinez, Dean A. Hendrickson 210 1$aHoboken, New Jersey :$cWiley Blackwell,$d[2021] 210 4$dİ2021 215 $a1 online resource (893 pages) 311 $a1-119-19007-X 606 $aHorses$xSurgery$xComplications 606 $aHorses$xDiseases 606 $aHorses$xSurgery 608 $aElectronic books. 615 0$aHorses$xSurgery$xComplications. 615 0$aHorses$xDiseases. 615 0$aHorses$xSurgery. 676 $a636.1089 702 $aHendrickson$b Dean A. 702 $aRubio Martinez$b Luis M. 801 0$bMiAaPQ 801 1$bMiAaPQ 801 2$bMiAaPQ 906 $aBOOK 912 $a9910555200003321 996 $aComplications in equine surgery$92815801 997 $aUNINA LEADER 01301nam a2200337 i 4500 001 991001234389707536 005 20020507185727.0 008 960905s1972 de ||| | eng 020 $a3540059083 035 $ab10819393-39ule_inst 035 $aLE01309113$9ExL 040 $aDip.to Matematica$beng 082 0 $a519.2 084 $aAMS 60F05 100 1 $aParthasarathy, K. R.$0441298 245 10$aPositive definite kernels, continuous tensor products, and central limit theorems of probability theory /$cK. R. Parthasarathy, K. Schmidt 260 $aBerlin :$bSpringer-Verlag,$c1972 300 $avi, 107 p. 26 cm 490 0 $aLecture notes in mathematics,$x0075-8434 ;$v272 500 $aBibliography: p. [105]-107 650 0$aKernel functions 650 0$aLimit theorems 650 0$aRepresentations of groups 650 0$aTensor products 700 1 $aSchmidt, Klaus D. 907 $a.b10819393$b23-02-17$c28-06-02 912 $a991001234389707536 945 $aLE013 60F PAR11 (1972)$g1$i2013000058672$lle013$o-$pE0.00$q-$rl$s- $t0$u0$v0$w0$x0$y.i10926215$z28-06-02 996 $aPositive definite kernels, continuous tensor products, and central limit theorems of probability theory$9262749 997 $aUNISALENTO 998 $ale013$b01-01-96$cm$da $e-$feng$gde $h0$i1